000
00307cam a22001217a 4500
008
180718b1953 xxu||||| |||| 00| 0 eng d
082
_a
D1 P884
100
_a
Prakash, A.
245
_a
Diplomacy
_c
by A. Prakash
260
_a
Coimbatore
_b
The Topical Book Company
_c
1953
300
_a
36p
650
_a
Diplimacy
999
_c
424608
_d
424608